000 00407nam a22001457a 4500
008 250529b |||||||| |||| 00| 0 eng d
020 _a9780241320525
050 _aPN4874
_b.P68 2023
100 _aPotts Monica
245 _aThe Forgotten Girls An American Story
260 _aU.K, London
_bAllen Lane
_c2023
300 _a254p.
650 _aPotts Monica
_vPotts Monica - Friends & Associates
942 _cBK
999 _c3721
_d3721